| 000 | 00000nam##2200000za#4500 |
| 001 | 9.559481 |
| 003 | CaOODSP |
| 005 | 20210624172911 |
| 007 | cr ||||||||||| |
| 008 | 150406|2005||||xxc|||||o f|0| 0 eng|d |
| 020 | |a0-662-40746-6 |
| 040 | |aCaOODSP|beng |
| 043 | |an-cn--- |
| 086 | 1 |aPS3-1/2005-1E-PDF |
| 110 | 1 |aCanada. |bPublic Safety and Emergency Preparedness Canada. |
| 245 | 14|aThe validity of Static-99 with older sexual offenders / |h[electronic resource]|c[by] R. Karl Hanson. |
| 260 | |aOttawa - Ontario : |bPublic Safety and Emergency Preparedness Canada |cc2005. |
| 300 | |a19p.|breferences, tables |
| 490 | 1 |aCorrections research, user report|v2005-01 |
| 590 | |a12-43-Supp|b2012-12-07 |
| 690 | 07|aSexual offenses|2gcpds |
| 775 | 08|tLa validité de la Statique-99 pour l'évaluation des délinquants sexuels âgés / |w(CaOODSP)9.592236 |
| 776 | 0#|tThe validity of Static-99 with older sexual offenders / |w(CaOODSP)9.541322 |
| 776 | 0#|tLa validité de la Statique-99 pour l'évaluation des délinquants sexuels agés / |w(CaOODSP)9.541323 |
| 830 | #0|aCorrections research, user report ;|v2005-01|w(CaOODSP)9.504759 |
| 856 | 40|ahttp://publications.gc.ca|qPDF|s145 KB|uhttps://publications.gc.ca/collections/collection_2012/sp-ps/PS3-1-2005-1-eng.pdf|y2005-01 |